5 Seconds of Summer (5SOS) - Castaway - All lyrics - Statistics

General Stats
  • This quiz has been taken 35 times
  • The average score is 239 of 270
Answer Stats
Answer % Correct
a
100%
A
100%
and
100%
And
100%
but
100%
But
100%
Castaway
100%
castaway
100%
(Castaway)
100%
castaway-ay
100%
I
100%
(I
100%
just
100%
left
100%
like
100%
me
100%
my
100%
no
100%
on
100%
so
100%
(So
100%
we
100%
you
100%
away
96%
away)
96%
can't
96%
drift
96%
far
96%
From
96%
I'm
96%
lonely
96%
off
96%
out
96%
the
96%
where
96%
All
92%
all
92%
How'd
92%
Nothing
92%
Oh-oh,
92%
(Oh-oh)
92%
oh-oh-oh-oh-oh
92%
oh-oh-oh-oh-oh-oh
92%
stranded
92%
yesterday?
92%
(Yesterday)
92%
escape
88%
escape)
88%
ship
88%
sinking
88%
that
88%
walked
88%
your
88%
is
84%
keep
84%
never
84%
picture
84%
Cause
80%
frames
80%
heart
80%
I'll
80%
(I'll
80%
myself
80%
to
80%
askin'
76%
ever
76%
fingers
76%
right
76%
save
76%
save)
76%
Slip
76%
through
76%
asking
72%
linger
72%
love,
72%
memories
72%
in
68%
There's
68%
these
68%
whispers
68%
yeah
68%
after
64%
close
64%
disappearin'
64%
hold
64%
trying
64%
chapter
60%
Good
60%
hands
60%
Heartbreak
60%
Now,
60%
screamin'
60%
see
60%
Young
60%
times
56%
fast,
52%
faster,
52%
ended
48%
closed,
44%
Eyes
44%
Fell
40%
night
32%
Led
28%
complications
24%
conversations
24%
Late
24%
No matching quizzes found
Score Distribution
Percent of People with Each Score
Percentile by Number Answered
Your Score History
You have not taken this quiz